000 00681nam a2200205 i 4500
001 60111
003 ES-MaACL
005 20230906164146.0
007 t|
008 031103s1966 sp ||||1| spa d
245 0 0 _aEspaña 66
_b: libertad de prensa e imprenta.
260 _aMadrid :
_bServicio Informativo Español,
_c1966.
300 _a174 p., 4 lám. ;
_c21 cm.
490 1 _aDocumentos informativos ;
_v12
650 4 _aLibertad de prensa-
_zEspaña.
_914414
710 1 _aEspaña.
_bMinisterio de Información y Turismo.
_bServicio Informativo Español.
_93888
830 1 _aDocumentos informativos ;
_v12
_9182311
852 _aES-MaACL
_jC-29376
999 _c60111
_d60111